Osudný okamih

Bibliographic Details
Main Author: (ľn) (Author)
Format: Article
Language:Slovak
Subjects:

MARC

LEADER 00000cab a2200000 a 4500
001 vtls001030170
003 SK-MaSNL
005 20260304212953.0
008 040720c2002 xo | || || | 0||slo
015 |a SNBRB2002  |2 snkbucl 
040 |a SNKBUCL  |b slo  |c SNKBUCL  |e AACR2 
041 0 |a slo 
044 |a xo  |c SK 
080 |a 614.8  |2 1997 
080 |a 656.1  |2 1997 
100 0 |a (ľn)  |4 aut  |9 973407 
245 1 0 |a Osudný okamih  |c (ľn) 
650 0 7 |a dopravné nehody  |2 SLLK  |9 4151 
651 7 |a Nižné Ružbachy (Slovensko)  |2 SLLK  |9 59193 
655 7 |a poznámky  |2 snkbucl  |9 285558 
655 7 |a články z novín a časopisov  |2 snkbucl  |9 267496 
773 0 8 |t Ľubovnianske noviny  |g Roč. 28, č.8, 21.2.2002, s. 1 
850 |a Slovenská národná knižnica 
852 |a Slovenská národná knižnica 
999 |c 3133603  |d 3135533